New Towns (Record no. 549137)

000 -LEADER
fixed length control field 00385nam a22001457a 4500
020 ## - INTERNATIONAL STANDARD BOOK NUMBER
International Standard Book Number 416-16810-8
082 ## - DEWEY DECIMAL CLASSIFICATION NUMBER
Classification number 711.43
Author Mark MER
-- L-14, P-97
100 ## - MAIN ENTRY--PERSONAL NAME
Personal name Merlin, pierre
9 (RLIN) 45662
245 ## - TITLE STATEMENT
Title New Towns
Statement of responsibility, etc. Merlin, pierre
260 ## - PUBLICATION, DISTRIBUTION, ETC.
Place of publication, distribution, etc. USA,
Name of publisher, distributor, etc. Methuen & co limtied,
300 ## - PHYSICAL DESCRIPTION
Extent 276p.:
Other physical details ill,;
Dimensions 25 cm.
526 ## - STUDY PROGRAM INFORMATION NOTE
Program name 0
Interest level 0
Reading level 0
Title point value 711_430000000000000_MER
650 ## - SUBJECT ADDED ENTRY--TOPICAL TERM
Topical term or geographic name entry element MCE
9 (RLIN) 379
942 ## - ADDED ENTRY ELEMENTS (KOHA)
Source of classification or shelving scheme
Koha item type Book
Holdings
Withdrawn status Lost status Source of classification or shelving scheme Damaged status Not for loan Permanent Location Current Location Date acquired Total Checkouts Full call number Barcode Date last seen Price effective from Koha item type
          Military College of Engineering (MCE) Military College of Engineering (MCE) 09/17/2014   711.43 MER MCE-3492 09/17/2014 09/17/2014 Book
© 2023 Central Library, National University of Sciences and Technology. All Rights Reserved.